00681nam a2200241Ia 4500003000900000005001700009008004100026040003300067041000800100080001300108100001500121245003400136260003300170300003100203500003500234650001100269650001000280650001300290650001500303942000700318952009700325999001700422LK-CoDNM20240826123854.0010623t1929 xxu||||| |||| 00| 1 eng d aLK-CoDNMdLK-CoDNMeLK-CoDNM aeng a22 bJ17 aAnstey, V. aThe Trade of the Indian Ocean bLongmans Green and Co.c1929 b251p. : map, ill ; 23 cm aUniversity geographical serics aCeylon aIndia aMinerals aPlantation cBK 001041708OBCaMAINbMAINcREFd2024-08-26l0o22 J17pOB6287r2024-08-26w2024-08-26yBK c94760d94760